Eastern Utah Libraries Catalog: Duchesne, Heber, Roosevelt, & Vernal

Great expectations (Record no. 268196)

MARC details
000 -LEADER
fixed length control field 01375nim a2200373Ka 4500
001 - CONTROL NUMBER
control field ocn244920309
003 - CONTROL NUMBER IDENTIFIER
control field OCoLC
005 - DATE AND TIME OF LATEST TRANSACTION
control field 20200320182740.0
007 - PHYSICAL DESCRIPTION FIXED FIELD--GENERAL INFORMATION
fixed length control field sd fungnnmmneu
008 - FIXED-LENGTH DATA ELEMENTS--GENERAL INFORMATION
fixed length control field 080903s2008 xxunnn f eng d
020 ## - INTERNATIONAL STANDARD BOOK NUMBER
International Standard Book Number 9781400106325
020 ## - INTERNATIONAL STANDARD BOOK NUMBER
International Standard Book Number 140010632X
020 ## - INTERNATIONAL STANDARD BOOK NUMBER
Terms of availability 44.99
024 3# - OTHER STANDARD IDENTIFIER
Standard number or code 9781400106325
035 ## - SYSTEM CONTROL NUMBER
System control number (OCoLC)244920309
037 ## - SOURCE OF ACQUISITION
Source of stock number/acquisition Midwest Tape
Note http://www.midwesttapes.com
040 ## - CATALOGING SOURCE
Original cataloging agency TEFMT
Transcribing agency TEFMT
Modifying agency WACOL
049 ## - LOCAL HOLDINGS (OCLC)
Holding library WACL
092 ## - LOCALLY ASSIGNED DEWEY CALL NUMBER (OCLC)
Classification number CD
Item number Dic
100 1# - MAIN ENTRY--PERSONAL NAME
Personal name Dickens, Charles.
9 (RLIN) 5845858
245 00 - TITLE STATEMENT
Title Great expectations
Medium [sound recording] /
Statement of responsibility, etc Charles Dickens.
260 ## - PUBLICATION, DISTRIBUTION, ETC. (IMPRINT)
Place of publication, distribution, etc [S.l.] :
Name of publisher, distributor, etc Tantor Media,
Date of publication, distribution, etc p2008.
300 ## - PHYSICAL DESCRIPTION
Extent 15 sound discs (ca. 1080 minutes.) :
Other physical details digital ;
Dimensions 4 3/4 in.
500 ## - GENERAL NOTE
General note Unabridged.
500 ## - GENERAL NOTE
General note Compact discs.
511 0# - PARTICIPANT OR PERFORMER NOTE
Participant or performer note Read by Simon Vance.
520 ## - SUMMARY, ETC.
Summary, etc Charles Dickens' classic tale of orphan Philip Pirrip. Struggling to grow into a gentleman, Philip faces many truths about the world around him and ultimately himself as his expectations are tested and questioned.
655 #0 - INDEX TERM--GENRE/FORM
Genre/form data or focus term Audiobooks.
9 (RLIN) 5845859
700 1# - ADDED ENTRY--PERSONAL NAME
Personal name Vance, Simon.
9 (RLIN) 71296
942 ## - ADDED ENTRY ELEMENTS (KOHA)
Koha item type CD
948 ## - LOCAL PROCESSING INFORMATION (OCLC); SERIES PART DESIGNATOR (RLIN)
Series part designator, SPT (RLIN) 09/08/2008
z (OCLC) Sirsi
994 ## -
-- 02
-- WACOL
996 ## -
-- 65489
-- 34301001342205
-- CD
-- CD
-- wcl
-- i
-- 40
-- 44.99
-- .CIRCNOTE. 15 discs
-- .PUBLIC. 15 discs
-- MicroMarketing
-- Dic
-- 09/08/2008
-- 11/06/2019
-- 09/18/2019
Holdings
Withdrawn status Lost status Source of classification or shelving scheme Materials specified (bound volume or other part) Damaged status Not for loan Collection code Home library Current library Shelving location Date acquired Source of acquisition Cost, normal purchase price Total Checkouts Total Renewals Full call number Barcode Date last seen Date checked out Cost, replacement price Price effective from Koha item type Public note
    Dewey Decimal Classification .CIRCNOTE. 15 discs     Audiobooks Wasatch County Library Wasatch County Library Second Floor 09/08/2008   44.99 43 1 CD Dic 34301001342205 06/14/2024 05/24/2024 44.99 03/20/2020 Audiobook on CD .PUBLIC. 15 discs
This project was made possible through a grant from the Institute of Museum and Library Service administered by the Utah State Library Division.

Wasatch County Library

  • 465 East 1200 South, Heber City, Utah 84032
  • Phone 435-654-1511 | Fax 435-654-6456

Hours

  • Monday - Friday 9:30 AM - 8:00 PM
  • Saturday 9:30 AM - 1:30 PM
  • Closed Sundays and Holidays